000 00566cam a2200217ua 4500
041 _aeng
_h
082 _a363.728
_bWAG/EX
100 _aWagner, Edmund G.
245 _aExcreta disposal for rural areas and small communities /
_cEdmund G Wagner.
_hTextual Documents
250 _a1958 /
_b.
260 _aGeneva :
_bWorld Health Organisation ,
_c1960.
300 _a187 ; .
504 _a
700 1 _aLanoix, J N.
942 _cBK
999 _c8833
_d8833